000
00317nam a22001217a 4500
008
181127b xxu||||| |||| 00| 0 eng d
041
_a
eng
080
_a
043.3
100
_a
0
101
_a
BTH-MBE
245
_a
Ndikimi i CSR ne reputacionin e kompanise dhe ne blerjet e konsumatoreve
_c
Mehmeti, R
942
_2
udc
_c
BK
999
_c
52610
_d
52610